00223nam a2200097Ia 4500008004100000100000900041245002800050260002300078942000700101999001700108190216s9999||||xx |||||||||||||| ||und|| aNull 0aHindi-Gupse Rupupi Nadi bA Pelican Original cBK c17433d17433